MARC details
| 000 -CABECERA |
| campo de control de longitud fija |
01357nam a2200361 4500 |
| 003 - IDENTIFICADOR DEL NÚMERO DE CONTROL |
| campo de control |
EC-UNACH |
| 005 - FECHA Y HORA DE LA ÚLTIMA TRANSACCIÓN |
| campo de control |
20250422130318.0 |
| 006 - CÓDIGOS DE INFORMACIÓN DE LONGITUD FIJA--CARACTERÍSTICAS DEL MATERIAL ADICIONAL |
| campo de control de longitud fija |
s||||gr|||| 00| 00 |
| 008 - DATOS DE LONGITUD FIJA--INFORMACIÓN GENERAL |
| campo de control de longitud fija |
150116t9999 mx r gr 000 0 spa d |
| 020 ## - NÚMERO INTERNACIONAL ESTÁNDAR DEL LIBRO |
| Número Internacional Estándar del Libro |
978-9942-661-43-2 |
| 040 ## - FUENTE DE LA CATALOGACIÓN |
| Centro catalogador/agencia de origen |
EC-UNACH |
| Centro/agencia transcriptor |
EC-UNACH |
| 041 ## - CÓDIGO DE LENGUA |
| Código de lengua del texto/banda sonora o título independiente |
spa |
| 082 04 - NÚMERO DE LA CLASIFICACIÓN DECIMAL DEWEY |
| Número de edición |
23 |
| Número de clasificación |
657.45 |
| Número de documento/Ítem |
L017693 |
| 100 ## - ENTRADA PRINCIPAL--NOMBRE DE PERSONA |
| Nombre de persona |
Samaniego Erazo, Floripes del Rocío / Arias González. Iván Patricio / Vallejo Villalva, Mónica del Pilar / Puente Riofrío, Mariana Isabel |
| 245 ## - MENCIÓN DE TÍTULO |
| Título |
Fundamentos de auditoría de gestión |
| 250 ## - MENCIÓN DE EDICIÓN |
| Mención de edición |
Primera Edición |
| 264 ## - Producción, publicación, distribución, fabricación y copyright |
| Lugar de producción, publicación, distribución, fabricación |
Riobamba - Ecuador |
| Nombre del de productor, editor, distribuidor, fabricante |
Editorial UNACH |
| Fecha de de producción, publicación, distribución, fabricación o copyright |
2024 |
| 264 ## - Producción, publicación, distribución, fabricación y copyright |
| Lugar de producción, publicación, distribución, fabricación |
Producción UNACH |
| 300 ## - DESCRIPCIÓN FÍSICA |
| Extensión |
148 páginas |
| Otras características físicas |
Figura, tabla |
| 501 ## - NOTA DE "CON" |
| Nota de “Con” |
Incluye contenido |
| 505 ## - NOTA DE CONTENIDO CON FORMATO |
| Nota de contenido con formato |
Control interno -- Introducción a la auditoría de gestión -- Normas de auditoría -- Fases de la auditoría de gestión. |
| 650 ## - PUNTO DE ACCESO ADICIONAL DE MATERIA--TÉRMINO DE MATERIA |
| Término de materia o nombre geográfico como elemento inicial |
CONTROL INTERNO |
| 650 ## - PUNTO DE ACCESO ADICIONAL DE MATERIA--TÉRMINO DE MATERIA |
| Término de materia o nombre geográfico como elemento inicial |
COMPONENTES DEL COSO |
| 650 ## - PUNTO DE ACCESO ADICIONAL DE MATERIA--TÉRMINO DE MATERIA |
| Término de materia o nombre geográfico como elemento inicial |
AUDITORÍA FINANCIERA |
| 650 ## - PUNTO DE ACCESO ADICIONAL DE MATERIA--TÉRMINO DE MATERIA |
| Término de materia o nombre geográfico como elemento inicial |
RIESGOS |
| 650 ## - PUNTO DE ACCESO ADICIONAL DE MATERIA--TÉRMINO DE MATERIA |
| Término de materia o nombre geográfico como elemento inicial |
AUDITORÍA GUBERNAMENTAL |
| 650 ## - PUNTO DE ACCESO ADICIONAL DE MATERIA--TÉRMINO DE MATERIA |
| Término de materia o nombre geográfico como elemento inicial |
PRUEBAS DE CUMPLIMIENTO |
| 856 ## - LOCALIZACIÓN Y ACCESO ELECTRÓNICOS |
| Identificador Uniforme del Recurso |
<a href="https://doi.org/10.37135/u.editorial.05.138">https://doi.org/10.37135/u.editorial.05.138</a> |
| Texto de enlace |
Libro digital - Fundamentos de auditoría de gestión |
| 942 ## - ELEMENTOS DE PUNTO DE ACCESO ADICIONAL (KOHA) |
| Fuente del sistema de clasificación o colocación |
Clasificación Decimal Dewey |
| Tipo de ítem Koha |
Libro electrónico |
| 999 ## - NÚMEROS DE CONTROL DE SISTEMA (KOHA) |
| Koha biblionumber |
13539 |